000 nam a22 7a 4500
999 _c9576
_d9576
008 180205b ||||| |||| 00| 0 eng d
100 _aAggarwal, J C
_95725
245 _aSocial science -VII
260 _aNew Delhi
_bS. Chnad Publication
_c2005